[Event "Amsterdam"]
[Site "Amsterdam"]
[Date "1982.??.??"]
[Round "1"]
[White "Van Baarle, C John"]
[Black "Kuligowski, Adam"]
[Result "1-0"]
[WhiteElo "2315"]
[BlackElo "2450"]

1.e4 c5 2.Nf3 d6 3.Bb5+ Nc6 4.O-O a6 5.Bxc6+ bxc6 6.Re1 e5 7.c3 Ne7 8.d4 Qc7
9.dxe5 dxe5 10.Be3 Ng6 11.Nbd2 Rb8 12.Nc4 Be7 13.Qe2 O-O 14.Rad1 a5 15.Qc2 Ba6
16.Nfd2 Bb5 17.Na3 Rfd8 18.Nxb5 cxb5 19.a4 c4 20.axb5 Rxb5 21.Qa4 Rxb2 22.Nxc4 Rbb8
23.Rxd8+ Qxd8 24.Qxa5 Qd3 25.Nxe5 Qxe4 26.Nxg6 hxg6 27.h3 Bf6 28.Qc5 Be5
29.g3 f6 30.c4 Rd8 31.Qe7 Rd3 32.Qe6+ Kh7 33.Qg4 Qc6 34.h4 f5 35.Qg5 Qxc4
36.h5 Qf7 37.hxg6+ Qxg6 38.Qh4+ Kg8 39.Qc4+  1-0

[Event "Amsterdam"]
[Site "Amsterdam"]
[Date "1982.??.??"]
[Round "6"]
[White "King, Daniel J"]
[Black "Van Mil, Johannes A J"]
[Result "1-0"]
[WhiteElo "2430"]
[BlackElo "2315"]

1.e4 c5 2.Nf3 d6 3.Bb5+ Nd7 4.O-O a6 5.Bxd7+ Bxd7 6.d4 cxd4 7.Qxd4 e6 8.Nc3 Qc7
9.Bg5 f6 10.Be3 Ne7 11.Qd1 g5 12.Bd4 e5 13.Be3 Bc6 14.a4 h5 15.Qd3 h4 16.Rfd1 g4
17.Nd2 Rd8 18.Nc4 Nc8 19.b4 Qf7 20.b5 axb5 21.axb5 Bd7 22.Nb6 Nxb6 23.Bxb6 Rc8
24.Nd5 Be6 25.c4 Bh6 26.c5 dxc5 27.Nc7+ Kf8 28.Qd6+ Kg8 29.Nxe6 c4 30.Nd8 Qf8
31.Qe6+  1-0

[Event "Amsterdam"]
[Site "Amsterdam"]
[Date "1982.??.??"]
[Round "8"]
[White "Meulders, Richard"]
[Black "Grooten, Herman"]
[Result "0-1"]
[WhiteElo "2350"]
[BlackElo "2305"]

1.e4 c5 2.Nf3 d6 3.Bb5+ Nc6 4.O-O Bd7 5.c3 a6 6.Ba4 Nf6 7.Re1 c4 8.d4 cxd3
9.Qxd3 e6 10.Bg5 Be7 11.Na3 Ne5 12.Nxe5 Bxa4 13.Qd4 Qa5 14.Bxf6 Bxf6 15.Nec4 Bxd4
16.Nxa5 Bb6 17.Nxb7 Bc7 18.Nc4 Ke7 19.b3 Bb5 20.Nba5 Rhc8 21.Re3 Kf8 22.a4 Be8
23.Rd1 Rab8 24.Red3 Rd8 25.h4 d5 26.exd5 exd5 27.Rxd5 Rxd5 28.Rxd5 Bxa4 29.b4 Re8
30.g3 Re1+ 31.Kg2 Ke7 32.Rc5 Kd7 33.f4 f6 34.Kf2 Rc1 35.Ne3 Bb6 36.Rd5+ Kc7
37.c4 Rc2+ 38.Kf3 Rc3 39.c5 Bxa5 40.bxa5 Bc6 41.Kf2 Rxe3 42.Rh5 Rf3+ 43.Ke2 h6  0-1

[Event "Baile Herculane zt"]
[Site "Baile Herculane"]
[Date "1982.??.??"]
[Round "4"]
[White "Pavlov, Mircea"]
[Black "Ghinda, Mihail Viorel"]
[Result "1/2-1/2"]
[WhiteElo "2405"]
[BlackElo "2425"]

1.e4 c5 2.Nf3 d6 3.Bb5+ Nc6 4.d4 cxd4 5.Qxd4 Qd7 6.Bxc6 bxc6 7.c4 e5 8.Qd3 Nf6
9.Nc3 h6 10.O-O Be7 11.b3 O-O 12.Bb2 Qc7 13.Rac1 Bg4 14.h3 Bxf3 15.Qxf3 Nd7  1/2-1/2

[Event "Baile Herculane zt"]
[Site "Baile Herculane"]
[Date "1982.??.??"]
[Round "11"]
[White "Ambroz, Jan"]
[Black "Georgiev, Krum"]
[Result "1/2-1/2"]
[WhiteElo "2430"]
[BlackElo "2465"]

1.e4 c5 2.Nf3 d6 3.Bb5+ Nd7 4.O-O Nf6 5.Re1 e6 6.c3 a6 7.Bf1 Be7 8.d4 O-O
9.Bg5 h6 10.Bf4 Re8 11.Nbd2 b6 12.Bd3 Bb7 13.Qe2 Nh5 14.Be3 e5 15.dxe5 dxe5
16.Bc4 Qc7 17.Nh4 Nf4 18.Bxf4 Bxh4 19.Be3 Bd8 20.a4 Nf8 21.Qg4 Kh7 22.Qf5+ Kg8
23.Nf3 Bc8 24.Qh5 Be6 25.Bxe6  1/2-1/2

[Event "Baile Herculane zt"]
[Site "Baile Herculane"]
[Date "1982.??.??"]
[Round "13"]
[White "Ambroz, Jan"]
[Black "Radulov, Ivan"]
[Result "1/2-1/2"]
[WhiteElo "2430"]
[BlackElo "2505"]

1.e4 c5 2.Nf3 d6 3.Bb5+ Bd7 4.Bxd7+ Qxd7 5.O-O Nc6 6.b3 g6 7.Bb2 e5 8.c3 Bg7
9.d4 Nf6 10.dxe5 dxe5 11.Qxd7+ Nxd7 12.Na3 Nf6 13.Rfe1 O-O-O 14.Nc4 Rhe8
15.a4 h6 16.a5 Bf8 17.Nfd2 Kc7 18.Nf1 b5 19.axb6+ axb6 20.Ra6 Nd7 21.Nfe3 Ra8
22.Nd5+ Kb7 23.Raa1 b5 24.Nce3 Na5 25.c4  1/2-1/2

[Event "Baile Herculane zt"]
[Site "Baile Herculane"]
[Date "1982.??.??"]
[Round "16"]
[White "Georgiev, Krum"]
[Black "Jansa, Vlastimil"]
[Result "1/2-1/2"]
[WhiteElo "2465"]
[BlackElo "2475"]

1.e4 c5 2.Nf3 d6 3.Bb5+ Bd7 4.Bxd7+ Nxd7 5.O-O Ngf6 6.Re1 e6 7.c4 Be7 8.Nc3 O-O
9.b3 a6 10.d4 cxd4 11.Nxd4 Re8 12.Bb2  1/2-1/2

[Event "Baile Herculane zt"]
[Site "Baile Herculane"]
[Date "1982.??.??"]
[Round "17"]
[White "Ciocaltea, Victor"]
[Black "Ftacnik, Lubomir"]
[Result "1/2-1/2"]
[WhiteElo "2460"]
[BlackElo "2560"]

1.e4 c5 2.Nf3 d6 3.Bb5+ Nd7 4.c3 Nf6 5.Qe2 a6 6.Ba4 b5 7.Bc2 e5 8.O-O Be7
9.d4 O-O 10.Rd1 Qc7 11.d5 Nb6 12.Nbd2 Nh5 13.Nf1 g6 14.Bh6 Re8 15.g3 Bd7
16.Ne3 Bf8 17.Bxf8 Rxf8 18.Nh4 Rae8 19.b3 a5 20.Bd3 Nf6 21.f3 b4 22.cxb4 axb4
23.a4 bxa3 24.Rxa3 Nh5 25.Rda1 Ra8 26.Rxa8 Rxa8 27.Rxa8+ Nxa8 28.Bb5 Nf6
29.Bxd7 Qxd7 30.Qa6 Nc7 31.Qb7 Nce8 32.Qxd7 Nxd7 33.Nc4 Kf8 34.Ng2 Nb8 35.Nge3 Na6
36.Kf2 Ke7 37.f4 f6 38.h4 Nac7 39.f5 Nb5 40.fxg6 hxg6 41.g4 Ng7 42.Nf1 Nd4
43.Ng3 Ne8 44.h5 Kf7 45.hxg6+ Kxg6 46.Nf5 Nxb3 47.Ncxd6 Nxd6 48.Nxd6 Na5
49.Ke3 Kg5 50.Kd3 Kxg4 51.Nc4 Nb7 52.d6 Kf4 53.d7 f5 54.exf5 Kxf5 55.Nd6+ Ke6
56.Nxb7 Kxd7 57.Nxc5+ Kc6 58.Ke4 Kxc5 59.Kxe5  1/2-1/2

[Event "Baile Herculane zt"]
[Site "Baile Herculane"]
[Date "1982.??.??"]
[Round "17"]
[White "Pavlov, Mircea"]
[Black "Georgiev, Krum"]
[Result "1/2-1/2"]
[WhiteElo "2405"]
[BlackElo "2465"]

1.e4 c5 2.Nf3 d6 3.Bb5+ Bd7 4.Bxd7+ Qxd7 5.c4 Nc6 6.d4 cxd4 7.Nxd4 Nf6 8.Nc3 Rc8
9.O-O e6 10.b3 Be7 11.Be3 O-O 12.Rc1 Rfd8 13.Qe2 a6 14.Rfd1  1/2-1/2

[Event "Baile Herculane zt"]
[Site "Baile Herculane"]
[Date "1982.??.??"]
[Round "18"]
[White "Ambroz, Jan"]
[Black "Suba, Mihai"]
[Result "1/2-1/2"]
[WhiteElo "2430"]
[BlackElo "2500"]

1.e4 c5 2.Nf3 d6 3.Bb5+ Nd7 4.O-O a6 5.Bxd7+ Bxd7 6.Re1 Nf6 7.d4 cxd4 8.Qxd4 e5
9.Qd3 h6 10.c4 b5 11.cxb5 axb5 12.Nc3 Qb6 13.Be3 Qb7 14.Nd2 Be7 15.f3 b4
16.Ne2 O-O 17.Nc4 Be6 18.Red1 Rfd8 19.a4 bxa3 20.bxa3 d5 21.Rdb1 Qa6 22.Nxe5 Qxd3
23.Nxd3 dxe4 24.Nb4 exf3 25.gxf3 Nd5 26.Bd4 Nxb4 27.axb4 Rxa1 28.Rxa1 Bf5
29.Rc1 Bxb4 30.Bc3 Bc5+ 31.Kg2 Be3 32.Ra1 Be6 33.Be1 Bc4 34.Ng3 Rb8 35.Bc3 Rb3
36.Ra8+ Kh7 37.Ba1 Bd5 38.Ra4 Bb6 39.Ne4 Rd3 40.Ra6 Bc7 41.Ra7 Bf4 42.h4 Be3
43.Re7 h5 44.Be5 Kg6 45.Rc7 Bb6 46.Rc3 Rd1 47.Bg3 Rg1+ 48.Kh2 Ra1 49.Bf2 Ra2
50.Kg1 Ba5 51.Rc5 Be6 52.Rg5+ Kh6 53.Be3 Ra1+ 54.Kg2 Ra2+ 55.Kg1 Ra1+ 56.Kg2 Ra3
57.Bf4 Ra2+ 58.Kh1 Kh7 59.Rxh5+ Kg8 60.Rb5 Ra1+  1/2-1/2

[Event "Baile Herculane zt"]
[Site "Baile Herculane"]
[Date "1982.??.??"]
[Round "20"]
[White "Spiridonov, Nikola"]
[Black "Pavlov, Mircea"]
[Result "1/2-1/2"]
[WhiteElo "2440"]
[BlackElo "2405"]

1.e4 c5 2.Nf3 d6 3.Bb5+ Bd7 4.Bxd7+ Qxd7 5.c4 Nf6 6.Nc3 Nc6 7.d4 cxd4 8.Nxd4 Qg4
9.O-O Qxd1 10.Rxd1 Nxd4 11.Rxd4 Rc8 12.Bg5 Nd7 13.b3 g6  1/2-1/2

[Event "Baile Herculane zt"]
[Site "Baile Herculane"]
[Date "1982.??.??"]
[Round "21"]
[White "Jansa, Vlastimil"]
[Black "Ribli, Zoltan"]
[Result "1/2-1/2"]
[WhiteElo "2475"]
[BlackElo "2590"]

1.e4 c5 2.Nf3 d6 3.Bb5+ Bd7 4.Bxd7+ Qxd7 5.O-O Nc6 6.c3 Nf6 7.Qe2 e6 8.d4 cxd4
9.cxd4 d5 10.e5 Ne4 11.Rd1 Be7 12.Ne1 h6 13.Qe3 O-O 14.f3  1/2-1/2

[Event "Brighton"]
[Site "Brighton"]
[Date "1982.??.??"]
[Round "?"]
[White "Hjartarson, Johann"]
[Black "Watson, William N"]
[Result "1/2-1/2"]
[WhiteElo "2425"]
[BlackElo "2330"]

1.e4 c5 2.Nf3 d6 3.Bb5+ Bd7 4.Bxd7+ Qxd7 5.O-O e6 6.c4 Nc6 7.d4 cxd4 8.Nxd4 Nf6
9.Nc3 Be7 10.b3 O-O 11.Bb2 Rfd8 12.Re1 a6 13.Na4 Rab8 14.Rc1 b5 15.Nxc6 Qxc6
16.cxb5 Qxb5 17.Qc2 d5 18.Be5 Rb7 19.Nc3 Qb4 20.exd5 Nxd5 21.Nxd5 exd5 22.Red1 Bg5
23.Rb1 Re7 24.Rxd5 Rde8 25.Qc4 Qa3 26.h4 Bxh4 27.b4 Qa4 28.Qxh4 Rxe5 29.Rxe5 Rxe5
30.Rc1 Re8 31.Qc4 g6 32.g3 Qd7 33.Qxa6 Qd2 34.Rf1 Re2 35.Qa8+ Kg7 36.b5 Qxa2
37.Qxa2 Rxa2 38.Rb1 Ra7 39.Kg2 Kf6 40.Kf3 Ke5 41.Kg4 h6 42.b6  1/2-1/2

[Event "Elekes mem-B"]
[Site "Budapest"]
[Date "1982.??.??"]
[Round "?"]
[White "Mullner, Imre"]
[Black "Boensch, Uwe"]
[Result "0-1"]
[WhiteElo "2200"]
[BlackElo "2410"]

1.e4 c5 2.Nf3 d6 3.Bb5+ Bd7 4.Qe2 e6 5.O-O Nf6 6.c3 Bxb5 7.Qxb5+ Qd7 8.Qe2 Nc6
9.d4 cxd4 10.cxd4 d5 11.e5 Ne4 12.Nbd2 Nxd2 13.Bxd2 Be7 14.Qd3 Rc8 15.Rac1 O-O
16.Ng5 Bxg5 17.Bxg5 Qc7 18.Rfd1 Qb6 19.b3 Rc7 20.Qe3 Rfc8 21.h4 Nb4 22.Rxc7 Qxc7
23.Qg3 Qc3 24.Qg4 h5 25.Qxh5 Nxa2 26.Qg4 Qc2 27.Rd2 Qb1+ 28.Kh2 Nb4 29.Bf6 Qh7
30.Qg3 Kf8 31.Bg5 b5 32.Qe3 Qe4 33.Qg3 Qg6 34.Qe3 a6 35.g4 Qe4 36.Qxe4 dxe4
37.Be3 Rc3 38.Rb2 Rc2 39.Rxc2 Nxc2 40.Kg3 Nxe3 41.fxe3 a5 42.Kf2 a4  0-1

[Event "Caorle op"]
[Site "Caorle"]
[Date "1982.??.??"]
[Round "1"]
[White "Bolek, Jan"]
[Black "Wagman, Stuart"]
[Result "0-1"]
[WhiteElo "2030"]
[BlackElo "2255"]

1.e4 c5 2.Nf3 d6 3.Bb5+ Nd7 4.c4 Nf6 5.d3 g6 6.Nc3 Bg7 7.O-O O-O 8.h3 Nb6
9.Na4 Nxa4 10.Bxa4 a6 11.a3 Rb8 12.Rb1 b5 13.cxb5 axb5 14.Bb3 Bb7 15.Bf4 c4
16.dxc4 Bxe4 17.Rc1 Nh5 18.Qe2 Bxf3 19.Qxf3 Nxf4 20.Qxf4 Bxb2 21.Rb1 bxc4
22.Bxc4 Bxa3 23.Ra1 Bc5 24.Qf3 e6 25.Rfe1 Rb2 26.Re2 Rxe2 27.Qxe2 Qf6 28.Ra6 Rb8
29.Ra2 Rb1+ 30.Kh2 Qf4+ 31.g3 Qc1  0-1

[Event "Midwest Masters"]
[Site "Chicago"]
[Date "1982.??.??"]
[Round "4"]
[White "Sage, T."]
[Black "Sandrin, A."]
[Result "1/2-1/2"]
[WhiteElo "2135"]
[BlackElo "2180"]

1.e4 c5 2.Nf3 d6 3.Bb5+ Bd7 4.Bxd7+ Qxd7 5.O-O Nc6 6.c3 e6 7.d4 d5 8.dxc5 Bxc5
9.exd5 Qxd5 10.Qxd5 exd5 11.Re1+ Nge7 12.Nbd2 O-O 13.Nb3 Bb6 14.Bg5 Nf5 15.g4 f6
16.Bf4 Nfe7 17.Bd6 Rfe8 18.Rad1 Rad8 19.Bc5 Bc7 20.Nbd4 Bd6 21.Bxd6 Rxd6
22.Nxc6 bxc6 23.Rd2 Kf7 24.Rde2 Rd7 25.Nd4 Rc8 26.Ne6 c5 27.Nxg7 Ng6 28.Nf5 Ne5
29.Kg2 d4 30.cxd4 cxd4 31.Rd2 d3 32.Red1 Rc2 33.b3 Rxd2 34.Rxd2 Nxg4 35.f4 Rd5
36.Kf3 h5 37.Ng3 f5 38.h3 Nf6 39.Ke3 h4 40.Nh1 Rc5 41.Rxd3 Rc2 42.Nf2  1/2-1/2

[Event "Politiken Cup"]
[Site "Copenhagen"]
[Date "1982.??.??"]
[Round "5"]
[White "Wicker, Kevin J"]
[Black "Van Mil, Johannes A J"]
[Result "1-0"]
[WhiteElo "2275"]
[BlackElo "2315"]

1.e4 c5 2.Nf3 d6 3.Bb5+ Nd7 4.O-O Nf6 5.Re1 g6 6.d4 cxd4 7.e5 dxe5 8.Nxe5 Bg7
9.Qxd4 O-O 10.Nc3 Nxe5 11.Qxe5 Ng4 12.Qxe7 Qb6 13.Be3 Nxe3 14.Qxe3 Bd4 15.Qe2 Be6
16.a4 Rac8 17.Ne4 Bxb2 18.Rab1 Qd4 19.c4 Ba3 20.Rbd1 Qb2 21.Qe3 Be7 22.Qxa7 Rc7
23.c5 Qe5 24.Rc1 Bd5 25.Nc3 Qg5 26.Nxd5 Qxd5 27.c6 Rfc8 28.cxb7  1-0

[Event "CSR-ch"]
[Site "Frenstat"]
[Date "1982.??.??"]
[Round "2"]
[White "Ambroz, Jan"]
[Black "Ftacnik, Lubomir"]
[Result "1/2-1/2"]
[WhiteElo "2430"]
[BlackElo "2560"]

1.e4 c5 2.Nf3 d6 3.Bb5+ Nd7 4.c3 Nf6 5.Qe2 a6 6.Ba4 e5 7.O-O Be7 8.d4 b5
9.Bc2 O-O 10.a4 Bb7 11.Rd1 Qc7 12.dxe5 dxe5 13.axb5 axb5 14.Rxa8 Rxa8 15.Na3 b4
16.Nc4 bxc3 17.bxc3 Ra1 18.Re1 h6 19.Bd2  1/2-1/2

[Event "CSR-ch"]
[Site "Frenstat"]
[Date "1982.??.??"]
[Round "5"]
[White "Franzen, Josef"]
[Black "Danek, Libor"]
[Result "1/2-1/2"]
[WhiteElo "2370"]
[BlackElo "2290"]

1.e4 c5 2.Nf3 d6 3.Bb5+ Nc6 4.O-O Bd7 5.c3 Nf6 6.Re1 a6 7.Ba4 c4 8.d4 cxd3
9.Qxd3 g6 10.Bg5 Bg7 11.Nbd2 O-O 12.Bb3 Rc8 13.h3 Na5 14.Bc2 Qb6 15.Rab1 Be6
16.Qe3 Qxe3  1/2-1/2

[Event "Bundesliga 8182"]
[Site "Germany"]
[Date "1982.??.??"]
[Round "?"]
[White "Rostalski, Walter"]
[Black "Schacht, Holger"]
[Result "0-1"]
[WhiteElo "2325"]
[BlackElo "2220"]

1.e4 c5 2.Nf3 d6 3.Bb5+ Bd7 4.Bxd7+ Qxd7 5.O-O Nc6 6.c3 Nf6 7.Re1 e6 8.d4 cxd4
9.cxd4 d5 10.e5 Ne4 11.Nc3 Nxc3 12.bxc3 Be7 13.Ng5 Rc8 14.Qh5 Bxg5 15.Qxg5 O-O
16.Ba3 f6 17.Qg3 Rf7 18.exf6 Rxf6 19.Re2 Na5 20.Rae1 Nc4 21.Bc1 Nd6 22.Qd3 Qb5
23.Qh3 Ne4 24.Bb2 Rcf8 25.f3 Ng5 26.Qh5 Rf5 27.Qg4 Rxf3 28.gxf3 Nxf3+ 29.Kh1 Nxe1
30.Qxe6+ Kh8 31.Rxe1 Rf1+ 32.Kg2 Rxe1 33.Qxe1 Qxb2+ 34.Kg3 h6 35.Qe8+ Kh7
36.Qc8 Qc2 37.h4 b5 38.a3 a5 39.Qc5 Qd3+ 40.Kf4 Qe4+ 41.Kg3 Qe1+ 42.Kh3 Qe6+
43.Kg3 h5 44.Qxb5 Qg4+ 45.Kh2 Qxh4+ 46.Kg2 Qe4+ 47.Kg1 h4 48.Qd7 Qf3 49.Kh2 Qg3+
50.Kh1 Qf3+  0-1

[Event "Bundesliga 8182"]
[Site "Germany"]
[Date "1982.??.??"]
[Round "?"]
[White "Paulsen, Dirk"]
[Black "Schuh, Hubert"]
[Result "1/2-1/2"]
[WhiteElo "2315"]
[BlackElo "2305"]

1.e4 c5 2.Nf3 d6 3.Bb5+ Nd7 4.d4 Nf6 5.Nc3 cxd4 6.Qxd4 e5 7.Qd3 h6 8.O-O Be7
9.Nh4 a6 10.Bxd7+ Bxd7 11.Nf5 Bxf5 12.exf5 O-O 13.Rd1 Rc8 14.Be3 Qd7 15.Rac1 Rfe8
16.h3 b5 17.g4 Qc6 18.Nd5 Nxd5 19.Qxd5 Red8 20.c3 Bg5 21.Qxc6 Rxc6 22.Rd5 Kf8
23.Rcd1 Bxe3 24.fxe3 Ke7 25.Kf2 Rc4 26.Kf3 h5 27.e4 hxg4+ 28.hxg4 g6 29.a3 gxf5
30.gxf5 Rc6 31.Rh1 Rb8 32.Rh6 Rbb6 33.Rh8 a5 34.Ra8 a4 35.Ra7+ Kf6 36.Rd7 b4
37.cxb4 Rc2 38.R5xd6+ Rxd6 39.Rxd6+ Kg5 40.Rd7 Rxb2 41.Rxf7 Rb3+ 42.Ke2 Rxa3
43.Rg7+ Kf6 44.Rg6+ Kf7 45.Re6 Ra1 46.Kd2 a3 47.Kc2 Re1 48.Kb3 Rxe4 49.Kxa3 Re1
50.Kb2 e4 51.Kc2 e3 52.b5 Rf1 53.Rxe3 Rxf5 54.b6 Rf2+ 55.Kb1 Rh2 56.Rc3 Rh8
57.Kb2 Rb8 58.Rc6 Ke7 59.Kb3 Kd7 60.Rh6 Rg8 61.Kb4 Rg5 62.b7 Kc7 63.Rb6 Kb8  1/2-1/2

[Event "Bundesliga 8182"]
[Site "Germany"]
[Date "1982.??.??"]
[Round "?"]
[White "Heidrich, Manfred"]
[Black "Lau, Ralf"]
[Result "1/2-1/2"]
[WhiteElo "2225"]
[BlackElo "2415"]

1.e4 c5 2.Nf3 d6 3.Bb5+ Nd7 4.d4 Nf6 5.Nc3 cxd4 6.Qxd4 e5 7.Qd3 h6 8.Nd2 Be7
9.Nc4 O-O 10.Bxd7 Bxd7 11.Ne3 Be6 12.O-O Rc8 13.Bd2 Qb6 14.Rab1 Qd4 15.Rfd1 Qxd3
16.cxd3 Rfd8 17.Rbc1 Kf8 18.Kf1 Rc6 19.Ncd5 Rdc8 20.Rc3 Nxd5 21.Nxd5 Bd8
22.Rdc1 Ke8 23.Ke2 Kd7 24.a3 Bg5 25.Be3 f5 26.f3 Bxe3 27.Kxe3 f4+ 28.Kd2 Rf8
29.Nb4 Rxc3 30.Rxc3 g5 31.Nd5 Bxd5 32.exd5 g4 33.fxg4 Rg8 34.Ke2 Rxg4 35.Kf3 Rh4
36.Rb3 b6 37.h3 Rh5 38.Rc3 Rg5 39.b4 Rg3+ 40.Kf2 e4 41.Rc4 e3+ 42.Kf1 f3
43.gxf3 Rxf3+ 44.Ke2 Rxh3 45.Rg4 Ke7 46.Rg6 h5 47.Re6+ Kd7 48.Rh6  1/2-1/2

[Event "Bundesliga 8182"]
[Site "Germany"]
[Date "1982.??.??"]
[Round "?"]
[White "Heidrich, Manfred"]
[Black "Cordes, Hans Joerg"]
[Result "1/2-1/2"]
[WhiteElo "2225"]
[BlackElo "2280"]

1.e4 c5 2.Nf3 d6 3.Bb5+ Bd7 4.Bxd7+ Qxd7 5.c4 Nc6 6.d4 cxd4 7.Nxd4 Nf6 8.Nc3 e6
9.O-O Be7 10.b3 O-O 11.Bb2 a6 12.Rc1 b6 13.Qd3 Qb7 14.Rfd1 Rfd8 15.Nxc6 Qxc6
16.Qe2 Qb7 17.Rc2 Rac8 18.Rcd2 Qc6 19.e5 dxe5 20.Qxe5 Rxd2 21.Rxd2 Rd8 22.Rxd8+ Bxd8
23.Qd4 Qd7 24.Ne2 e5 25.Qxd7 Nxd7  1/2-1/2

[Event "Bundesliga 8182"]
[Site "Germany"]
[Date "1982.??.??"]
[Round "?"]
[White "Hecht, Hans Joachim"]
[Black "Cording, Harm"]
[Result "1-0"]
[WhiteElo "2460"]
[BlackElo "2320"]

1.e4 c5 2.Nf3 d6 3.Bb5+ Bd7 4.Bxd7+ Nxd7 5.O-O Ngf6 6.Re1 e6 7.b3 Be7 8.Bb2 O-O
9.c4 e5 10.Nc3 g6 11.d3 Nh5 12.Nd5 Ndf6 13.Nxe7+ Qxe7 14.g3 Ne8 15.Nh4 Neg7
16.Ng2 Ne6 17.Rf1 Nhg7 18.f4 Nd4 19.Qd2 f5 20.Rae1 Rae8 21.Ne3 fxe4 22.Nd5 Qd8
23.Bxd4 exd4 24.dxe4 Kh8 25.Qd3 Re6 26.Re2 Rfe8 27.Rfe1 Nh5 28.Qf3 Nf6 29.e5 dxe5
30.Rxe5 Rxe5 31.fxe5 Ng8 32.e6 Rf8 33.Qe4 Qg5 34.e7 Re8 35.Rf1 Rxe7 36.Nxe7 Nxe7
37.Rf7 Qc1+ 38.Kg2 Qd2+ 39.Kh3 Qh6+ 40.Kg2 Qd2+ 41.Rf2 Qe3 42.Qxe3 dxe3 43.Re2 Nf5
44.g4  1-0

[Event "Bundesliga 8182"]
[Site "Germany"]
[Date "1982.??.??"]
[Round "?"]
[White "Vetter, Herbert"]
[Black "Marian, R."]
[Result "1/2-1/2"]
[WhiteElo "2250"]
[BlackElo "2250"]

1.e4 c5 2.Nf3 d6 3.Bb5+ Bd7 4.Bxd7+ Qxd7 5.O-O Nc6 6.c3 Nf6 7.Re1 e6 8.d4 cxd4
9.Nxd4 Be7 10.Bg5 h6 11.Bh4 g5 12.Bg3 h5 13.Nxc6 Qxc6 14.e5 h4 15.exf6 hxg3
16.hxg3 Bxf6 17.Qf3 Qxf3 18.gxf3 d5 19.Na3 Ke7 20.Rad1 Rad8 21.Nc2 Rd6 22.Ne3 Kd7
23.c4 dxc4 24.Nxc4 Rxd1 25.Rxd1+ Ke7 26.b3 b5 27.Ne3 Rc8 28.Kf1 Be5 29.Ke2 Rc6
30.Rd2 Bd6 31.Rd1 Bb4 32.Rh1 Ra6 33.a4 bxa4 34.bxa4 Rxa4 35.Rh5 Ra2+ 36.Kf1 Bc5
37.Ng4 f5 38.Ne5 Rxf2+ 39.Ke1 Kd6 40.Nf7+ Ke7 41.Nxg5 Ra2 42.Rh6 Bf2+ 43.Kd1 Bxg3
44.Rxe6+ Kd7 45.Rf6 Ra5 46.Kc2 Bh4 47.f4 Bg3 48.Ne6 Ke7 49.Rg6 Bf2 50.Ng5 Ra2+
51.Kd3 Ra5 52.Kc4 Bb6 53.Ne6 Kd7 54.Rf6 Ke7 55.Rg6 Kd7 56.Rf6 Ke7 57.Rg6  1/2-1/2

[Event "Hamar op"]
[Site "Hamar"]
[Date "1982.??.??"]
[Round "5"]
[White "King, Daniel J"]
[Black "Bjerke, Richard"]
[Result "1-0"]
[WhiteElo "2365"]
[BlackElo "2255"]

1.e4 c5 2.Nf3 d6 3.Bb5+ Bd7 4.Bxd7+ Nxd7 5.O-O Ngf6 6.Re1 e6 7.c4 Ne5 8.d3 Be7
9.Nc3 O-O 10.Rb1 Rc8 11.a3 a6 12.Bf4 Ng6 13.Bd2 Ne5 14.Qe2 Rb8 15.b4 Qc7
16.Rec1 b6 17.h3 Nfd7 18.Be3 Bf6 19.Nh2 Ng6 20.f4 Bxc3 21.Rxc3 d5 22.cxd5 Nxf4
23.Qg4 Qe5 24.Rcb3 Ng6 25.Nf3 Qd6 26.dxe6 fxe6 27.Ng5 Rbe8 28.bxc5 bxc5 29.Nxh7 Nde5
30.Qh5 Nf3+ 31.gxf3 Qg3+ 32.Kh1 Nh4 33.R3b2 Qxf3+ 34.Qxf3 Rxf3 35.Ng5 Rxe3
36.Rb8 Rf8 37.Nxe6 Rxh3+ 38.Kg1 Rxb8  1-0

[Event "Havana"]
[Site "Havana"]
[Date "1982.??.??"]
[Round "8"]
[White "Sisniega, Marcel"]
[Black "Garcia Martinez, Silvino"]
[Result "0-1"]
[WhiteElo "2440"]
[BlackElo "2425"]

1.e4 c5 2.Nf3 d6 3.Bb5+ Nd7 4.d4 Nf6 5.Nc3 cxd4 6.Qxd4 e5 7.Qd3 h6 8.Be3 Be7
9.O-O-O O-O 10.h3 Nb6 11.g4 a6 12.Bxb6 Qxb6 13.Bc4 Qxf2 14.Rdf1 Qc5 15.g5 hxg5
16.Nxg5 b5 17.Bb3 b4 18.Ne2 a5 19.Rhg1 a4 20.Bc4 Bd7 21.Kb1 Rac8 22.b3 axb3
23.cxb3 Qa5 24.Qg3 Rxc4 25.bxc4 Bc6 26.Qd3 Nd7 27.Nc1 Nc5 28.Qe3 Bxg5 29.Qxg5 Bxe4+
30.Ka1 g6 31.Rg3 Qa6 32.Rf6 Qxc4 33.Qd2 d5 34.Rb6 Qf1 35.Rxb4 Rc8 36.Rc3 d4
37.Rcc4 Bd3  0-1

[Event "Havana"]
[Site "Havana"]
[Date "1982.??.??"]
[Round "11"]
[White "Vera, Reynaldo"]
[Black "Garcia Martinez, Silvino"]
[Result "1/2-1/2"]
[WhiteElo "2430"]
[BlackElo "2425"]

1.e4 c5 2.Nf3 d6 3.Bb5+ Bd7 4.Bxd7+ Nxd7 5.d4 cxd4 6.Qxd4 Ngf6 7.Nc3 Qb6
8.Qxb6 Nxb6 9.Bg5 Rc8 10.Bxf6 gxf6 11.O-O-O Rg8 12.g3 a6 13.Nd5 Nd7 14.Nd4 e6
15.Nc3 Rg4 16.f4  1/2-1/2

[Event "Hong Kong zt"]
[Site "Hong Kong"]
[Date "1982.??.??"]
[Round "4"]
[White "Balinas, Rosendo Carrean"]
[Black "Mascarinas, Rico"]
[Result "1/2-1/2"]
[WhiteElo "2355"]
[BlackElo "2395"]

1.e4 c5 2.Nf3 d6 3.Bb5+ Nd7 4.d4 cxd4 5.Qxd4 Nf6 6.Nc3 e5 7.Qd3 h6 8.O-O a6
9.Bxd7+ Bxd7 10.a4 Qc7 11.b3 Rc8 12.Bb2 Be7 13.Rfc1 O-O 14.Nd2 Be6 15.Nf1 Nh5
16.Ne3 Nf4 17.Qf1 Qa5 18.Ne2 Ng6 19.c4 f5 20.exf5 Bxf5 21.Qe1 Qb6 22.a5 Qc6
23.Nxf5 Rxf5 24.Nd4 exd4 25.Qe6+ Rf7 26.Qxg6 Bf6 27.Qd3 Qc5 28.Rd1 Re7 29.Kf1 Rce8
30.b4 Qh5 31.h3 Re4 32.Re1 Qf5 33.Rxe4 Rxe4 34.Rd1 d5 35.c5 Qe5 36.g3 h5
37.h4 Qe6 38.Kg2 Be5 39.Qf3 Qg6 40.Rd3 Kh7 41.Kf1 Rg4 42.Ke2 Re4+ 43.Kd2 Qe8
44.Qd1 g6 45.f3 Re3 46.Qb3 Bxg3 47.Rxe3 dxe3+ 48.Qxe3 Qf7 49.Qd4 g5 50.hxg5 Kg6
51.Ke2 Qe6+ 52.Kd1 Kxg5 53.Bc1+ Kg6 54.Qd3+ Qf5 55.Qe3 h4 56.Qe8+ Qf7 57.Qe3 Qf5  1/2-1/2

[Event "Phillips&Drew"]
[Site "London"]
[Date "1982.??.??"]
[Round "?"]
[White "Short, Nigel D"]
[Black "Ljubojevic, Ljubomir"]
[Result "0-1"]
[WhiteElo "2430"]
[BlackElo "2645"]

1.e4 c5 2.Nf3 d6 3.Bb5+ Nd7 4.d4 Nf6 5.Nc3 cxd4 6.Qxd4 a6 7.Bxd7+ Nxd7 8.Bg5 f6
9.Be3 e6 10.O-O-O b5 11.h4 Bb7 12.h5 Be7 13.Nd2 O-O 14.f4 Nc5 15.Nb3 Bc6
16.Bf2 Qb6 17.Kb1 b4 18.Ne2 Qb5 19.Qe3 Nxb3 20.axb3 Qb7 21.h6 g6 22.f5 Bxe4
23.fxg6 hxg6 24.Ng3 Bxg2 25.Qxe6+ Kh7 26.Rhe1 Rae8 27.Bc5 Bf3 28.Rd4 a5 29.Rf1 Qc6
30.Bxd6 Bxd6 31.Qxd6 Qxd6 32.Rxd6 Re3 33.Rf2 f5 34.Nf1 Re1+ 35.Ka2 Rd1 36.Ra6 Ra8
37.Rb6 Re8 38.Rxf3 Ree1 39.Rb7+ Kxh6  0-1

[Event "Phillips&Drew"]
[Site "London"]
[Date "1982.??.??"]
[Round "?"]
[White "Short, Nigel D"]
[Black "Andersson, Ulf"]
[Result "1/2-1/2"]
[WhiteElo "2430"]
[BlackElo "2635"]

1.e4 c5 2.Nf3 d6 3.Bb5+ Bd7 4.Bxd7+ Qxd7 5.O-O e6 6.c3 Nf6 7.Qe2 Nc6 8.d4 cxd4
9.cxd4 d5 10.e5 Ne4 11.Be3 Be7 12.Ne1 f6 13.f3 Ng5 14.Nd2 O-O 15.Nd3 Rac8
16.Rac1 Nf7 17.f4 f5 18.a3 b6 19.h3 Na5 20.g4 Nh6 21.Rxc8 Rxc8 22.Rc1 Rxc1+
23.Nxc1 Qc6 24.Nd3 Qc2 25.g5 Nf7 26.Kf2 Nd8 27.h4 Ndc6 28.Nf3 Qb1 29.Qf1 Qc2+
30.Qe2 Qb1 31.Qf1 Qa2 32.Nd2 Nc4 33.Qb1 Qxb1 34.Nxb1 Kf7 35.h5 Ke8 36.Ke2 Kd7
37.Bf2 N6a5 38.Kd1 Nc6 39.Kc2 b5 40.Nd2 Nxd2 41.Kxd2 a5 42.Kc3 a4 43.Nb4 Bxb4+
44.axb4 Ke8 45.Be1 Kf7 46.Kd3 Ne7 47.Ke3 h6 48.g6+ Nxg6 49.hxg6+ Kxg6 50.Kf3  1/2-1/2

[Event "Lugano op"]
[Site "Lugano"]
[Date "1982.??.??"]
[Round "?"]
[White "Maier, Christian"]
[Black "Nunn, John DM"]
[Result "0-1"]
[WhiteElo "2265"]
[BlackElo "2590"]

1.e4 c5 2.Nf3 d6 3.Bb5+ Nd7 4.O-O a6 5.Bxd7+ Bxd7 6.Re1 Bg4 7.Nc3 e6 8.a4 Ne7
9.Ra3 Nc6 10.Ne2 Be7 11.h3 Bxf3 12.Rxf3 O-O 13.d4 cxd4 14.Nxd4 Rc8 15.Nxc6 Rxc6
16.Rd3 Qc7 17.c3 Rc4 18.Rd4 Rc8 19.Qb3 Rxd4 20.cxd4 d5 21.exd5 Qa5 22.Kf1 Bb4
23.Rd1 exd5 24.Bf4 h6 25.Kg1 Rc4 26.Qg3 Qb6 27.Qe3 Qc6 28.Rd3 Qxa4 29.b3 Qa1+
30.Kh2 Rc6 31.Qe8+ Bf8 32.Be5 Qa3 33.Rg3 f6 34.Bf4 Qe7 35.Qh5 g5 36.Qg6+ Bg7
37.Bd2 Qe4 38.Qh5 Qxd4 39.Qe2 Qe5 40.Qd3 Qe4  0-1

[Event "Luzern ol (Men)"]
[Site "Luzern"]
[Date "1982.??.??"]
[Round "1"]
[White "Sel, Cetin"]
[Black "Sax, Gyula"]
[Result "0-1"]
[WhiteElo "2200"]
[BlackElo "2560"]

1.e4 c5 2.Nf3 d6 3.Bb5+ Bd7 4.Bxd7+ Qxd7 5.O-O Nc6 6.c3 Nf6 7.Re1 e6 8.d4 cxd4
9.cxd4 d5 10.e5 Ne4 11.Nbd2 Nxd2 12.Bxd2 Be7 13.a3 O-O 14.b4 a6 15.Rc1 Na7
16.Bg5 Bxg5 17.Nxg5 h6 18.Nf3 Rfc8 19.Re3 Rc4 20.Rec3 Rac8 21.R3c2 Qa4 22.Rxc4 Rxc4
23.Ra1 Qxd1+ 24.Rxd1 Nb5 25.Ra1 Nxa3 26.Nd2 Rxd4 27.Nb3 Rd3 28.Nc5 Nc2 29.Rc1 Rc3
30.Nxb7 d4 31.Nc5 Nxb4 32.Rxc3 dxc3 33.Kf1 c2 34.Nb3 Nd3  0-1